000 00692nam a2200217Ii 4500
003 JO-AjNU
008 230605s9999||||xx |||||||||||||| ||und||
017 _a1989/4/265
040 _aJO-AjNU
_bara
_erda
_cJO-AjNU
041 _aara
050 1 4 _aSD235.J6.T4464 1989
100 3 _aالتلاوي ، عبدالمعطي/ م مشارك سالم اللوزي,
_eauthor
_919614
245 0 0 _aالغابات في الاردن
250 _aط1
264 3 1 _aعمان:دار البشير للنشر ، 1989
300 _a323ص
336 _atext
_btxt
_2rdacontent
337 _aunmediated
_bn
_2rdamedia
338 _avolume
_bnc
_2rdacarrier
650 4 _aالغابات-الاردن
_919615
999 _aA6503
_c10071
_d10071